Недра земли (Запись № 10255872)
[ простой вид ]
| 000 -МАРКЕР | |
|---|---|
| контрольное поле | 02115nam0a2200349 i 4500 |
| 001 - ИДЕНТИФИКАТОР ЗАПИСИ | |
| контрольное поле | RU\NLR\BIBL_A\010824128 |
| 005 - ИДЕНТИФИКАТОР ВЕРСИИ | |
| контрольное поле | 20260407081354.0 |
| 010 ## - МЕЖДУНАРОДНЫЙ СТАНДАРТНЫЙ НОМЕР КНИГИ (ISBN) | |
| Номер (ISBN) | 9785202012501 |
| Уточнения | в пер. |
| Тираж | 500 |
| 021 ## - НОМЕР ГОСУДАРСТВЕННОЙ РЕГИСТРАЦИИ | |
| Код страны | Российская Федерация |
| Номер | 2015-66886 |
| Номер Листа государственной регистраци | 4001 |
| 035 ## - ДРУГИЕ СИСТЕМНЫЕ НОМЕРА | |
| Идентификатор записи | (NLR Aleph) 010824128 |
| 100 ## - ДАННЫЕ ОБЩЕЙ ОБРАБОТКИ | |
| Данные общей обработки | 20150820d2014 km y0rusy50 ca |
| 101 0# - ЯЗЫК РЕСУРСА | |
| Язык текста, звукозаписи и т.д. | русский |
| 102 ## - СТРАНА ПУБЛИКАЦИИ ИЛИ ПРОИЗВОДСТВА | |
| Страна публикации | Российская Федерация |
| 105 ## - ПОЛЕ КОДИРОВАННЫХ ДАННЫХ: ТЕКСТОВЫЕ МАТЕРИАЛЫ, МОНОГРАФИЧЕСКИЕ | |
| Кодированные данные о монографическом текстовом документе | ac||z|||001yy |
| 200 1# - ЗАГЛАВИЕ И СВЕДЕНИЯ ОБ ОТВЕТСТВЕННОСТИ | |
| Основное заглавие | Недра земли |
| Сведения, относящиеся к заглавию | месторождения, металлогения |
| Первые сведения об ответственности | М. Д. Скурский |
| Последующие сведения об ответственности | Академия естественных наук Российской Федерации, Федеральное государственное образовательное учреждение высшего профессионального образования "Кузбасский государственный технический университет им. Т. Ф. Горбачева" |
| 210 ## - ПУБЛИКАЦИЯ, РАСПРОСТРАНЕНИЕ И ДР. | |
| Место издания, распространения и т.д. | Кемерово |
| Имя издателя, распространителя и т. д. | Кузбассвузиздат |
| Дата издания, распространения и т.д. | 2014 |
| 215 ## - ФИЗИЧЕСКАЯ ХАРАКТЕРИСТИКА | |
| Специфическое обозначение материала и объем | 511 с. |
| Другие сведения о физической характеристике | ил., портр. |
| Размеры | 27 |
| 300 ## - ОБЩИЕ ПРИМЕЧАНИЯ | |
| Текст примечания | На 4-й с. обл. авт.: Скурский М.Д. инж.-геолог, д.г.-м.н., акад., проф., лауреат Гос. премии за открытие и разведку месторождения группы мелаллоа в Сибири |
| 320 ## - ПРИМЕЧАНИЯ О НАЛИЧИИ В ДОКУМЕНТЕ БИБЛИОГРАФИИ / УКАЗАТЕЛЯ | |
| Текст примечания | Библиография: с. 480-495 |
| 320 ## - ПРИМЕЧАНИЯ О НАЛИЧИИ В ДОКУМЕНТЕ БИБЛИОГРАФИИ / УКАЗАТЕЛЯ | |
| Текст примечания | Указатель месторождений: с. 496-507 |
| 606 1# - НАИМЕНОВАНИЕ ТЕМЫ КАК ПРЕДМЕТ | |
| Наименование темы | Полезные ископаемые |
| Тематический подзаголовок | Месторождения |
| Системный номер авторитетной/нормативной записи | 901788 |
| Идентификатор авторитетной/нормативной записи | RU\NLR\AUTH\667911 |
| 606 ## - НАИМЕНОВАНИЕ ТЕМЫ КАК ПРЕДМЕТ | |
| Наименование темы | Металлогения |
| Системный номер авторитетной/нормативной записи | 933591 |
| Идентификатор авторитетной/нормативной записи | RU\NLR\AUTH\6625644 |
| 686 1# - ИНДЕКСЫ ДРУГИХ КЛАССИФИКАЦИЙ | |
| Индекс | Д45 |
| 686 1# - ИНДЕКСЫ ДРУГИХ КЛАССИФИКАЦИЙ | |
| Индекс | Д451-09 |
| 700 #1 - ИМЯ ЛИЦА - ПЕРВИЧНАЯ ОТВЕТСТВЕННОСТЬ | |
| Начальный элемент ввода | Скурский |
| Часть имени, кроме начального элемента ввода | М.Д. |
| Даты | 1932- |
| Расширение инициалов личного имени | Михаил Данилович |
| 712 02 - НАИМЕНОВАНИЕ ОРГАНИЗАЦИИ - ВТОРИЧНАЯ ОТВЕТСТВЕННОСТЬ | |
| Код отношения | Прочие |
| Начальный элемент ввода | Кузбасский государственный технический университет им. Т. Ф. Горбачева |
| Идентифицирующий признак | Кемерово |
| Идентификатор авторитетной/нормативной записи | RU\NLR\AUTH\886974 |
| Системный номер авторитетной/нормативной записи | 285926 |
| 801 #0 - ИСТОЧНИК ЗАПИСИ | |
| Страна | Российская Федерация |
| Организация | Кемеровская ОНБ |
| Дата составления | 20150303 |
| Правила каталогизации | rcr |
| 942 ## - ДОПОЛНИТЕЛЬНЫЕ ЭЛЕМЕНТЫ ЗАПИСИ (АБИС) | |
| Тип экземпляра АБИС | Книга |
| 980 ## - КОЛЛЕКЦИЯ | |
| Название коллекции | НБР |
Нет доступных экземпляров.